| 000 | 00359nam a2200133Ia 4500 | ||
|---|---|---|---|
| 008 | 240624s9999 xx 000 0 und d | ||
| 041 | _aeng | ||
| 082 | _a332.63 RUT | ||
| 100 | _aRUTTIENS ALAIN | ||
| 245 | _aMATHEMATICS OF THE FINANCIAL MARKETS FIN | ||
| 260 |
_c2013 _aNew Jersey _bJohn Wiley & Sons |
||
| 300 | _axvi, : 333 : p. : cm. ; 25 | ||
| 365 |
_c _b26 |
||
| 999 |
_c23591 _d23591 |
||